| 000 -LEADER |
| fixed length control field |
01313cam a22002774i 4500 |
| 001 - CONTROL NUMBER |
| control field |
18119891 |
| 005 - DATE AND TIME OF LATEST TRANSACTION |
| control field |
20221111165153.0 |
| 008 - FIXED-LENGTH DATA ELEMENTS--GENERAL INFORMATION |
| fixed length control field |
140417s2014 cou 001 0 eng |
| 020 ## - INTERNATIONAL STANDARD BOOK NUMBER |
| International Standard Book Number |
9781626370333x |
| 041 ## - LANGUAGE CODE |
| Language code of text/sound track or separate title |
eng |
| 080 ## - UNIVERSAL DECIMAL CLASSIFICATION NUMBER |
| Universal Decimal Classification number |
327(4) T-44 |
| 245 04 - TITLE STATEMENT |
| Title |
The European Union : |
| Remainder of title |
readings on the theory and practice of European integration / |
| Statement of responsibility, etc. |
edited by Brent F. Nelsen and Alexander Stubb. |
| 250 ## - EDITION STATEMENT |
| Edition statement |
Fourth edition. |
| 264 #1 - PRODUCTION, PUBLICATION, DISTRIBUTION, MANUFACTURE, AND COPYRIGHT NOTICE |
| Place of production, publication, distribution, manufacture |
Boulder, Colorado : |
| Name of producer, publisher, distributor, manufacturer |
Lynne Rienner Publishers, Inc., |
| Date of production, publication, distribution, manufacture, or copyright notice |
[2014] |
| 300 ## - PHYSICAL DESCRIPTION |
| Extent |
xi, 403 pages ; |
| Dimensions |
23 cm. |
| 500 ## - GENERAL NOTE |
| General note |
Includes index. |
| 610 20 - SUBJECT ADDED ENTRY--CORPORATE NAME |
| Corporate name or jurisdiction name as entry element |
European Union. |
| 9 (RLIN) |
11134 |
| 650 #0 - SUBJECT ADDED ENTRY--TOPICAL TERM |
| Topical term or geographic name entry element |
European federation. |
| 9 (RLIN) |
11135 |
| 651 #0 - SUBJECT ADDED ENTRY--GEOGRAPHIC NAME |
| Geographic name |
Europe |
| General subdivision |
Economic integration. |
| 9 (RLIN) |
11127 |
| 653 ## - INDEX TERM--UNCONTROLLED |
| keyword |
The European Union : Readings on the Theory and Practice of European Integration |
| 653 ## - INDEX TERM--UNCONTROLLED |
| keyword |
ევროკავშირი : ევროპული ინტეგრაციის თეორიასა და პრაქტიკაზე რეაგირება |
| 653 ## - INDEX TERM--UNCONTROLLED |
| keyword |
Европейский союз : чтения по теории и практике европейской интеграции |
| 700 1# - ADDED ENTRY--PERSONAL NAME |
| Personal name |
Nelsen, Brent F. |
| 9 (RLIN) |
11136 |
| Relator term |
რედაქტორი |
| 700 1# - ADDED ENTRY--PERSONAL NAME |
| Personal name |
Stubb, Alexander C-G. |
| 9 (RLIN) |
11137 |
| Relator term |
რედაქტორი |
| 942 ## - ADDED ENTRY ELEMENTS (KOHA) |
| Source of classification or shelving scheme |
|
| Koha item type |
წიგნი |